Wszystkie łowiska z Fishing Planet - Statystyki

Ogólne statystyki
  • Ten quiz został rozwiązany 33 razy
    27 od ostatniego zresetowania
  • Średni wynik to 9 z 25
Statystyki odpowiedzi
Przykładowa ryba Poziom Łowisko % Poprawnych
Bass Biały 1 Samotna Gwiazda
100%
Lin 3 Lesni Villa
77%
Miękławka 4 Rzeka Mudwater
62%
Pstrąg Tęczowy 5 Skalne Jezioro
62%
Tarpon 18 Everglades
46%
Miętus 22 Jezioro Biały Łoś
46%
Sumik Błękitny 30 Jezioro Saint-Croix
46%
Stornia 12 Kanał Gandawa-Terneuzen
46%
Jesiotr Biały 34 Delta San-Joaquin
38%
Szczupak Pospolity 8 Jezioro Emerald
38%
Troć Wędrowna 14 Jezioro Falcon
38%
Niszczuka Krokodyla 26 Jezioro Quanchkin
38%
Kiżucz 38 Potok Kaniq
38%
Aloza Amerykańska 10 Rzeka Neherrin
38%
Pstrąg Marmurkowy 20 Rzeka Tyber
38%
Wyrozub 46 Rzeka Dnipro / Rzeka Dniepr
31%
Tołpyga Pstra 42 Jezioro Sander Baggersee
23%
Tajmen Syberyjski 48 Rzeka Selegne
23%
Amur Biały 50 Weeping Willow Gospodarstwo
15%
Węgorz Elektryczny 68 Amazoński Labirynt
8%
Arapaima 58 Jezioro Maku-Maku
8%
Koryfena 83 Kaiji No Ri
8%
Sum Vundu 73 Rzeka Kongo
8%
Sum Czerwonoogonowy 63 Rzeka Marron
8%
Żuchwik Pospolity 54 Wyspa Niebieskich Krabów
8%
Nie znaleziono quizów pasujących do podanych kryteriów
Rozkład punktacji
Procent ludzi z każdym wynikiem
Percentyl według liczby udzielonych odpowiedzi
Twoja historia wyników
Nie rozwiązałeś tego quizu od ostatniego zresetowania